Normal view
MARC view
Entry Topical Term
001 - CONTROL NUMBER
- control field: 83630
003 - CONTROL NUMBER IDENTIFIER
- control field: OSt
005 - DATE AND TIME OF LATEST TRANSACTION
- control field: 20260117163551.0
008 - FIXED-LENGTH DATA ELEMENTS
- fixed length control field: 260117|| aca||aabn | a|a d
040 ## - CATALOGING SOURCE
- Original cataloging agency: OSt
- Transcribing agency: OSt
150 ## - HEADING--TOPICAL TERM
- Topical term or geographic name entry element: जीवन चरित्र
670 ## - SOURCE DATA FOUND
- Source citation: Work cat.: (OSt)68573: महान भारतीय ऋषि-मुनि (प्रेरक जीवन चरित्र), 2022









